banner-ar

قوة خفية : (Record no. 60441)

MARC details
000 -الفاتح
حقل البيانات ثابتة الطول 01253nam a22003257a 4500
005 - وقت وتاريخ اخر تعامل مع التسجيلة
رقم الضبط 20240530110410.0
008 - عناصر البيانات ثابتة الطول - معلومات عامة
حقل البيانات ثابتة الطول 150215s2009 ua cboea 001 0 ara d
017 ## - رقم الايداع القانونى
رقم الايداع القانونى 22631/2007
المصدر ( الهيئة المختصة) مصر . دار الكتب المصرية
020 ## - الرقم الدولى المعيارى للكتب
الرقم الدولى المعيارى للكتاب 9771441663
040 ## - مصدر الفهرسة
وكالة الفهرسة الأصلية EG-CaGPL
041 0# - رمز اللغة
رمز لغة النص/ المسارات الصوتية أو العنوان الانفرادي ara
082 04 - رقم تصنيف ديوى العشرى
رقم الطبعة 21
رقم التصنيف 502
رقم المادة ط/ف ن
100 1# - المدخل الرئيسى - إسم شخصى
الإسم الشخصى فيلان ، جلين
الشكل الأكمل للاسم جلين فيلان
245 10 - بيان العنوان
العنوان قوة خفية :
بقية العنوان السعى لتعريف قوانين الحركة /
بيان المسئوليه,etc تاليف جلين فيلان ؛ ترجمة رؤوف وصفى ؛ اشراف داليا محمد ابراهيم
250 ## - بيان الطبعة
بيان الطبعة ط1
260 ## - PUBLICATION, DISTRIBUTION, ETC. (IMPRINT)
تاريخ النشر أو التوزيع 2009
300 ## - الوصف المادى
التعداد 55 ص :
تفاصيل ماديه اخرى للوعاء ايض ؛
أبعاد الوعاء 28 سم
490 1# - بيان السلسلة
عنوان السلسلة ناشيونال جيوجرافيك : طلب العلم
600 04 - المدخل الاضافى بالموضوع-اسم شخصى
الإسم الشخصى نيوتن
600 04 - المدخل الاضافى بالموضوع-اسم شخصى
الإسم الشخصى جاليليو
600 04 - المدخل الاضافى بالموضوع-اسم شخصى
الإسم الشخصى يوهانس كبلر
650 04 - المدخل الاضافى بالموضوع-مصطلح موضوعى
مصطلح موضوعي قانون الحركة
650 04 - المدخل الاضافى بالموضوع-مصطلح موضوعى
مصطلح موضوعي علم الفلك
650 04 - المدخل الاضافى بالموضوع-مصطلح موضوعى
مصطلح موضوعي الجاذبية
650 04 - المدخل الاضافى بالموضوع-مصطلح موضوعى
مصطلح موضوعي الحركة الميكانيكية
700 0# - المدخل الاضافى - اسم شخصى
الإسم الشخصى رؤوف وصفى
الدور مترجم
700 0# - المدخل الاضافى - اسم شخصى
الإسم الشخصى داليا محمد ابراهيم
الدور مشرف
942 ## - عناصر المدخل الإضافي( كوها)
مصدر التصنيف او مخطط الترفيف Dewey Decimal Classification
Koha [default] item type كتاب
260 ## - PUBLICATION, DISTRIBUTION, ETC. (IMPRINT)
-- القاهرة :
-- نهضة مصر للطباعة والنشر والتوزيع ،
Holdings
حالة التراجع حالة الفقد حالة تلف ليس للاعارة المكان المؤقت الموقع الحالى تاريخ الاكتساب اجمالي اﻻعارات رقم الطلب الباركود تاريخ اخر مشاهدة تاريخ تفعيل السعر نوع وعاء كوها
        مكتبة القاهرة الكبرى مكتبة القاهرة الكبرى 02/15/2015   502 ط/ف ن 159495 02/15/2015 02/15/2015 كتاب

Powered By

EGPV